000 00737nam a22002057a 4500
005 20171113101303.0
010 _aENG-121300
020 _c80.00
_a9798170580378
035 _aEN-104832
037 _bDBAD/PUB
082 _a181.499
245 _aMorality, idealism, religion and yoga :
_ccomplied and introduction by A.S.Dalal
_bthe meaning of spirituality /
260 _aPondicherry
_bSri Aurobindo Ashram
_c2014
270 _aSri Aurobindo Ashram Publication Department
_bPondicherry
_e605002
300 _avii, 174p.
_c19cm (Pbk)
500 _aIncludes glossary and references
505 _aSelection from the works of sri aurobindo and the mother
700 _aDalal, A.S
942 _2ddc
_cEN
_h181.499
_mMOR
999 _c147245
_d147245